000 00430ntaaa2200169 4500
003 01
005 20251027201253.0
008 0714s1973 ag 01
040 _aAR-BaBN
_bspa
_cAR-BaBN
_eaacr
_dRIC
082 _a220.9300 W88
100 _aWoolley, Leonard
245 _aUr, la ciudad de los Caldeos
250 _a1 ed. :
_bFondo de Cultura Económica,
_cc1929
300 _a147 p.
650 _aArqueología Bíblica
942 _cBK
999 _c7073
_d7073